LEADER 00928nam0-22002891i-450- 001 990001029380403321 035 $a000102938 035 $aFED01000102938 035 $a(Aleph)000102938FED01 035 $a000102938 100 $a20000920d1963----km-y0itay50------ba 101 0 $aeng 200 1 $aStructural Linguistics and Human Communications$eAn Introduction into the Mechanism of Language and the Methodology of Linguistics$fby Bertil Malmberg 210 $aBerlin [etc.]$cSpringer-Verlag$d1963 225 1 $aKommunikation und Kybernetik in Einzeldarstellungen$v2 300 $aWith 88 figures. 610 0 $aLinguistica 676 $a410 700 1$aMalmberg,$bBertil$049007 801 0$aIT$bUNINA$gRICA$2UNIMARC 901 $aBK 912 $a990001029380403321 952 $a3-003$b3689$fFI1 959 $aFI1 996 $aStructural Linguistics and Human Communications$9339252 997 $aUNINA DB $aING01